00644mm a2200181a 44500001000900000003001300009008004000022005001700062040001900079100002000098245009100118300003100209500008600240500007800326500003500404653001000439653001300449NM030026RG CODE MARC55020n ||||||||||||||000 | spa||20251028183339.0 aORG CODE MARC  aAlexander, Dana aManual para el ministerio a los sordos en países de América LatinacDana Alexander aviii, 112 p.bil. ; 22 cm. aDuplicación realizada por: Ministerio Integr. y Evang. Sordos e Hipoacústicos aRevisión. Originalmente publicado: Greenacres, Wash. : [El autor], 1988 aContiene "Lenguaje de señas" aSORDO aMISIONES